| 000 | 00000nam##2200000za#4500 |
| 001 | 9.643281 |
| 003 | CaOODSP |
| 005 | 20210624224109 |
| 007 | cr ||||||||||| |
| 008 | 150407|2001||||xxc|||||o f|0| 0 fre|d |
| 040 | |aCaOODSP|bfre |
| 043 | |an-cn--- |
| 086 | 1 |aEn84-118/2001F-PDF |
| 110 | 1 |aCanada.|bEnvironnement Canada. |bCentre de Technologie Environnementale. |
| 245 | 10|aProcédure révisée pour l'ajustement de la salinité d'échantillons d'effluents soumis à un essai de toxicité sublétale en milieu marin conduit dans le cadre des programmes d'étude de suivi des effets sur l'environnement (ESEE) |h[ressource électronique] |
| 246 | 17|aProcédure révisée d'Environnement Canada (Décembre 2001) pour l'ajustement de la salinité applicable à des échantillons d'effluents soumis à un essai de toxicité conformément aux exigiences d'une ESEE |
| 260 | |aOttawa - Ontario : |bEnvironnement Canada. |cDécembre 2001. |
| 300 | |a11p.|bréférences |
| 590 | |a14-21-Supp|b2014-12-11 |
| 691 | 07|aBiologie marine|2gcpds |
| 691 | 07|aGestion de l'environnement|2gcpds |
| 691 | 07|aToxicologie|2gcpds |
| 775 | 08|tRevised procedures for adjusting salinity of effluent samples for marine sublethal toxicity testing conducted under Environmental Effects Monitoring (EEM) programs |w(CaOODSP)9.699114 |
| 856 | 40|ahttp://publications.gc.ca|qPDF|s425 Ko|uhttps://publications.gc.ca/collections/collection_2014/ec/En84-118-2001-fra.pdf |